[Event "Torneo Distrito Chamartin 2015"]
[Site "Madrid ESP"]
[Date "2015.09.10"]
[Round "7.6"]
[White "Morona Minguez, Miguel"]
[Black "Martinez Reyes, Pedro Ramon"]
[Result "0-1"]
[WhiteElo "1932"]
[BlackElo "2358"]
[PlyCount "66"]
[EventDate "2015.09.06"]
[EventType "swiss"]
[EventRounds "9"]
[EventCountry "ESP"]
[SourceTitle "Ajedrez en Madrid"]
[Source "lmi"]
[SourceDate "2015.09.06"]
[SourceVersion "1"]
[SourceVersionDate "2015.09.17"]
[SourceQuality "1"]

1. e4 c5 2. Nf3 Nc6 3. d4 cxd4 4. Nxd4 g6 5. c4 Bg7 6. Be3 Nf6 7. Nc3 O-O 8.
Be2 d6 9. O-O Bd7 10. Qd2 Nxd4 11. Bxd4 Bc6 12. f3 a5 13. Nd5 Nd7 14. Be3 a4
15. Rab1 Nc5 16. Rfd1 Be5 17. Qb4 e6 18. Nc3 Qf6 19. Nb5 Rfd8 20. g3 Na6 21.
Qd2 Qe7 22. Bb6 Rd7 23. Na7 Bg7 24. b4 axb3 25. axb3 Nc7 26. Qa2 d5 27. Qa5
dxe4 28. Rxd7 Bxd7 29. Rd1 Na6 30. b4 Bc3 31. Bc5 Qxc5+ 32. Qxc5 Nxc5 33. bxc5
Ba4 0-1

[Event "Torneo Distrito Chamartin 2015"]
[Site "Madrid ESP"]
[Date "2015.09.10"]
[Round "7.7"]
[White "Andalon Gomez, Carlos J"]
[Black "Alfaya Marcelo, Roberto"]
[Result "0-1"]
[WhiteElo "1950"]
[BlackElo "2164"]
[PlyCount "102"]
[EventDate "2015.09.06"]
[EventType "swiss"]
[EventRounds "9"]
[EventCountry "ESP"]
[SourceTitle "Ajedrez en Madrid"]
[Source "lmi"]
[SourceDate "2015.09.06"]
[SourceVersion "1"]
[SourceVersionDate "2015.09.17"]
[SourceQuality "1"]

1. d4 Nf6 2. c4 c5 3. d5 b5 4. cxb5 a6 5. Nc3 axb5 6. e4 b4 7. Nb5 Bb7 8. Bf4
Na6 9. Bc4 e6 10. e5 Nxd5 11. Bxd5 Bxd5 12. Nf3 Qa5 13. Qe2 Rb8 14. Nd6+ Bxd6
15. exd6 b3+ 16. Bd2 Nb4 17. O-O bxa2 18. Ne5 Qd8 19. Bc3 O-O 20. Rfd1 Bb3 21.
Rdc1 Nd5 22. Qg4 f6 23. Nc4 Qe8 24. Na5 Qg6 25. Qxg6 hxg6 26. Nxb3 Rxb3 27.
Rxa2 Nxc3 28. bxc3 Rfb8 29. Kf1 e5 30. Ra7 R8b7 31. Ra5 R3b5 32. Ra8+ Kf7 33.
c4 Rb1 34. Rxb1 Rxb1+ 35. Ke2 Rb6 36. Rc8 Rc6 37. Rxc6 dxc6 38. h4 Ke6 39. Ke3
Kxd6 40. f3 f5 41. g4 Ke6 42. g5 Kd6 43. Kd3 Kc7 44. Kc3 Kb6 45. Kb3 Ka5 46.
Ka3 e4 47. fxe4 fxe4 48. Kb3 e3 49. Kc3 Ka4 50. Kd3 Kb4 51. Kxe3 Kxc4 0-1

[Event "Torneo Distrito Chamartin 2015"]
[Site "Madrid ESP"]
[Date "2015.09.10"]
[Round "7.8"]
[White "Palenciano Escolar, Adrian"]
[Black "Perez Ordonez, Jose Ramon"]
[Result "1-0"]
[WhiteElo "2120"]
[BlackElo "1857"]
[PlyCount "79"]
[EventDate "2015.09.06"]
[EventType "swiss"]
[EventRounds "9"]
[EventCountry "ESP"]
[SourceTitle "Ajedrez en Madrid"]
[Source "lmi"]
[SourceDate "2015.09.06"]
[SourceVersion "1"]
[SourceVersionDate "2015.09.17"]
[SourceQuality "1"]

1. d4 Nf6 2. Bg5 c6 3. Bxf6 gxf6 4. e3 d5 5. g3 Bf5 6. Bg2 e6 7. Ne2 Nd7 8. Nd2
Bd6 9. c4 Bg6 10. Qb3 Qb6 11. c5 Qxb3 12. Nxb3 Bc7 13. O-O Bd3 14. Rfe1 Bxe2
15. Rxe2 f5 16. Nc1 Nf6 17. b4 Kd7 18. a4 a6 19. Rea2 b6 20. Nd3 Rhb8 21. Rb1
Ne4 22. cxb6 Rxb6 23. Bxe4 fxe4 24. Nc5+ Kc8 25. Rab2 a5 26. b5 cxb5 27. Rxb5
Rab8 28. Rxb6 Rxb6 29. Rxb6 Bxb6 30. Nb3 Kd7 31. Kg2 e5 32. Kh3 Ke6 33. Kg4 f5+
34. Kg5 h6+ 35. Kxh6 f4 36. gxf4 exf4 37. Kg6 fxe3 38. fxe3 Bd8 39. Nc5+ Kd6
40. Nb7+ 1-0

[Event "Torneo Distrito Chamartin 2015"]
[Site "Madrid ESP"]
[Date "2015.09.10"]
[Round "7.9"]
[White "Perez Cameselle, Francisco"]
[Black "Quispe Arteaga, Gabriel"]
[Result "0-1"]
[WhiteElo "1835"]
[BlackElo "2081"]
[PlyCount "112"]
[EventDate "2015.09.06"]
[EventType "swiss"]
[EventRounds "9"]
[EventCountry "ESP"]
[SourceTitle "Ajedrez en Madrid"]
[Source "lmi"]
[SourceDate "2015.09.06"]
[SourceVersion "1"]
[SourceVersionDate "2015.09.17"]
[SourceQuality "1"]

1. d4 d5 2. c4 e6 3. Nf3 Nf6 4. g3 Be7 5. Bg2 O-O 6. Nc3 b6 7. O-O c6 8. Bf4
Nh5 9. Bc1 Ba6 10. cxd5 cxd5 11. Re1 Nf6 12. Ne5 Nfd7 13. Nxd7 Qxd7 14. Bd2 Rd8
15. Rc1 Nc6 16. Qa4 Bb7 17. e3 a6 18. Qd1 Rac8 19. Na4 Qc7 20. Qb3 b5 21. Nc5
Qb6 22. Na4 Qa7 23. Nc5 Ba8 24. f4 Bf6 25. Qd3 Qb6 26. b4 a5 27. bxa5 Nxa5 28.
Bxa5 Qxa5 29. a3 Be7 30. Qc3 Qa7 31. Qb4 Bxc5 32. Rxc5 Rxc5 33. dxc5 Bc6 34.
Rd1 Ra8 35. Rd3 f5 36. Rc3 Qa4 37. Qxa4 Rxa4 38. Kf2 Kf7 39. Ke2 d4 40. Bxc6
dxc3 41. Bxb5 Rxa3 42. c6 Ra7 43. Kd3 Ke7 44. Kxc3 Kd6 45. Kd4 g6 46. h4 h5 47.
e4 fxe4 48. Kxe4 Ra8 49. Kd4 Ra7 50. Ke4 Ra3 51. c7 Kxc7 52. Be8 Rxg3 53. Ke5
Kd8 54. Bf7 Ke7 55. Bg8 Re3+ 56. Kd4 Re1 0-1

[Event "Torneo Distrito Chamartin 2015"]
[Site "Madrid ESP"]
[Date "2015.09.10"]
[Round "7.10"]
[White "Bartolome Martin, Angel"]
[Black "Perdomo Araujo, Angel Eduardo"]
[Result "0-1"]
[WhiteElo "1591"]
[BlackElo "2031"]
[PlyCount "72"]
[EventDate "2015.09.06"]
[EventType "swiss"]
[EventRounds "9"]
[EventCountry "ESP"]
[SourceTitle "Ajedrez en Madrid"]
[Source "lmi"]
[SourceDate "2015.09.06"]
[SourceVersion "1"]
[SourceVersionDate "2015.09.17"]
[SourceQuality "1"]

1. e4 e6 2. d4 d5 3. Nd2 Nf6 4. e5 Nfd7 5. Bd3 c5 6. c3 Nc6 7. Ngf3 cxd4 8.
cxd4 f6 9. exf6 Qxf6 10. O-O Bd6 11. Qc2 Nb4 12. Qb1 Nxd3 13. Qxd3 O-O 14. b3
Rd8 15. Re1 Nf8 16. Ne5 Bd7 17. Ndf3 h6 18. Bb2 Be8 19. h3 Ng6 20. Ng4 Qf8 21.
Nge5 Nf4 22. Qd2 h5 23. Nh2 Rac8 24. Re3 Bb4 25. Qd1 Bb5 26. Nf1 Qf5 27. Rc1 h4
28. Nh2 Rxc1 29. Bxc1 Rc8 30. Bd2 Bxd2 31. Qxd2 Rc2 32. Qa5 Nxh3+ 33. Kh1 Nxf2+
34. Kg1 Nh3+ 35. Kh1 Qg5 36. Qe1 Qxg2# 0-1

[Event "Torneo Distrito Chamartin 2015"]
[Site "Madrid ESP"]
[Date "2015.09.11"]
[Round "8.1"]
[White "Roa Alonso, Santiago"]
[Black "Suarez Uriel, Adrian"]
[Result "1/2-1/2"]
[WhiteElo "2383"]
[BlackElo "2224"]
[PlyCount "62"]
[EventDate "2015.09.06"]
[EventType "swiss"]
[EventRounds "9"]
[EventCountry "ESP"]
[SourceTitle "Ajedrez en Madrid"]
[Source "lmi"]
[SourceDate "2015.09.06"]
[SourceVersion "1"]
[SourceVersionDate "2015.09.17"]
[SourceQuality "1"]

1. d4 Nf6 2. Nf3 g6 3. c4 Bg7 4. Nc3 d5 5. Bf4 O-O 6. e3 c5 7. dxc5 Qa5 8. Rc1
dxc4 9. Bxc4 Qxc5 10. Bb3 Nc6 11. O-O Qa5 12. h3 Bf5 13. Qe2 Ne4 14. Nd5 e5 15.
Bg5 Rae8 16. Bh4 h6 17. g4 Be6 18. Rxc6 bxc6 19. Ne7+ Kh7 20. Bxe6 fxe6 21. Qc2
Rxe7 22. Bxe7 Rxf3 23. Qxe4 Qd5 24. Qxd5 exd5 25. Rc1 Rf7 26. Bd6 Rb7 27. Rxc6
Rxb2 28. Rc7 Kh8 29. Rc5 d4 30. Bxe5 Bxe5 31. Rxe5 dxe3 1/2-1/2

[Event "Torneo Distrito Chamartin 2015"]
[Site "Madrid ESP"]
[Date "2015.09.11"]
[Round "8.2"]
[White "Vazquez Igarza, Renier"]
[Black "Anton Veiga, Juan Carlos"]
[Result "1-0"]
[WhiteElo "2560"]
[BlackElo "2051"]
[PlyCount "91"]
[EventDate "2015.09.06"]
[EventType "swiss"]
[EventRounds "9"]
[EventCountry "ESP"]
[SourceTitle "Ajedrez en Madrid"]
[Source "lmi"]
[SourceDate "2015.09.06"]
[SourceVersion "1"]
[SourceVersionDate "2015.09.17"]
[SourceQuality "1"]

1. d4 d5 2. Nf3 Nf6 3. c4 e6 4. Bg5 Be7 5. Nc3 O-O 6. e3 h6 7. Bh4 Ne4 8. Bxe7
Qxe7 9. Qc2 Nxc3 10. Qxc3 Bd7 11. cxd5 exd5 12. Bd3 c6 13. O-O a5 14. Ne5 Rd8
15. Rae1 f6 16. Ng6 Qb4 17. Qc2 Be8 18. a3 Qd6 19. Nh4 Bf7 20. Nf5 Qf8 21. e4
g6 22. Ng3 dxe4 23. Nxe4 Nd7 24. Bc4 f5 25. Bxf7+ Kxf7 26. Nd2 Kg7 27. Qb3 Rab8
28. Nf3 Nf6 29. Re5 Nd5 30. Rfe1 Rd6 31. Nd2 Rf6 32. Qg3 Rd8 33. h4 Kh7 34. Nc4
a4 35. Qf3 Rd7 36. g3 Rd8 37. Kh2 Rf7 38. h5 g5 39. Qd3 Kh8 40. R5e2 Nf6 41.
Re6 Qg7 42. Nd6 Rfd7 43. Nxf5 Qf7 44. Kg2 Nxh5 45. Rxh6+ Kg8 46. Ree6 1-0

[Event "Torneo Distrito Chamartin 2015"]
[Site "Madrid ESP"]
[Date "2015.09.11"]
[Round "8.3"]
[White "Bolado Saez, Sergio"]
[Black "Palenciano Escolar, Adrian"]
[Result "1-0"]
[WhiteElo "2365"]
[BlackElo "2120"]
[PlyCount "53"]
[EventDate "2015.09.06"]
[EventType "swiss"]
[EventRounds "9"]
[EventCountry "ESP"]
[SourceTitle "Ajedrez en Madrid"]
[Source "lmi"]
[SourceDate "2015.09.06"]
[SourceVersion "1"]
[SourceVersionDate "2015.09.17"]
[SourceQuality "1"]

1. d4 Nf6 2. c4 g6 3. f3 Bg7 4. e4 d6 5. Be3 O-O 6. Ne2 c5 7. d5 e6 8. Nec3
exd5 9. cxd5 Ne8 10. Be2 f5 11. Qd2 Nf6 12. exf5 Bxf5 13. g4 Bxb1 14. Rxb1 a6
15. a4 Qa5 16. O-O Re8 17. Kh1 Qb4 18. Rbe1 Nfd7 19. f4 Nb6 20. f5 N8d7 21. Rf4
Qb3 22. fxg6 hxg6 23. a5 Bxc3 24. bxc3 Qxd5+ 25. Qxd5+ Nxd5 26. Bc4 Re5 27. Re4
1-0

[Event "Torneo Distrito Chamartin 2015"]
[Site "Madrid ESP"]
[Date "2015.09.11"]
[Round "8.4"]
[White "Quispe Arteaga, Gabriel"]
[Black "Alfaya Marcelo, Roberto"]
[Result "1/2-1/2"]
[WhiteElo "2081"]
[BlackElo "2164"]
[PlyCount "62"]
[EventDate "2015.09.06"]
[EventType "swiss"]
[EventRounds "9"]
[EventCountry "ESP"]
[SourceTitle "Ajedrez en Madrid"]
[Source "lmi"]
[SourceDate "2015.09.06"]
[SourceVersion "1"]
[SourceVersionDate "2015.09.17"]
[SourceQuality "1"]

1. d4 Nf6 2. c4 c5 3. d5 b5 4. Qc2 bxc4 5. e4 e6 6. Bxc4 exd5 7. exd5 d6 8. Nf3
Be7 9. O-O O-O 10. h3 Nbd7 11. Nc3 Nb6 12. b3 Bb7 13. Qd3 Ne8 14. Nd2 Nc7 15.
Nde4 f5 16. Ng3 Bf6 17. Nge2 Kh8 18. Bf4 Qd7 19. Rad1 Rad8 20. Rfe1 g6 21. Qg3
Rfe8 22. Bg5 Qg7 23. Bxf6 Qxf6 24. Qd3 Re5 25. f4 Re7 26. Ng3 Rde8 27. Rxe7
Qxe7 28. Kf2 Kg7 29. Nge2 Qh4+ 30. Kf1 Qe7 31. Kf2 Qh4+ 1/2-1/2

[Event "Torneo Distrito Chamartin 2015"]
[Site "Madrid ESP"]
[Date "2015.09.11"]
[Round "8.5"]
[White "Rodriguez Melendez, Juan Humbe"]
[Black "Perdomo Araujo, Angel Eduardo"]
[Result "1/2-1/2"]
[WhiteElo "2130"]
[BlackElo "2031"]
[PlyCount "95"]
[EventDate "2015.09.06"]
[EventType "swiss"]
[EventRounds "9"]
[EventCountry "ESP"]
[SourceTitle "Ajedrez en Madrid"]
[Source "lmi"]
[SourceDate "2015.09.06"]
[SourceVersion "1"]
[SourceVersionDate "2015.09.17"]
[SourceQuality "1"]

1. d4 d5 2. c4 e6 3. Nf3 Nf6 4. g3 Be7 5. Bg2 O-O 6. O-O c6 7. b3 b6 8. Qc2
Nbd7 9. Rd1 Ne4 10. Bb2 Bb7 11. Nbd2 f5 12. Rac1 Rc8 13. Ne5 Nxe5 14. dxe5 Qe8
15. e3 Qh5 16. a3 Ng5 17. Qd3 Nh3+ 18. Kf1 Ng5 19. Kg1 Nh3+ 20. Kf1 Ng5 21. h4
Ne4 22. Qe2 Qf7 23. Kg1 c5 24. Nf1 Qg6 25. Qe1 f4 26. exf4 Bxh4 27. Rc2 dxc4
28. Rxc4 Rxf4 29. Bc1 b5 30. Bxf4 bxc4 31. Nd2 Nxd2 32. Bxb7 Rb8 33. Bg2 c3 34.
Bxd2 cxd2 35. Qxd2 Be7 36. Qc3 Qf5 37. Rd3 h5 38. Rf3 Qh7 39. Kh2 Rd8 40. Qc4
Qg6 41. Bh3 Rd3 42. Qc2 h4 43. Qc4 hxg3+ 44. Rxg3 Qh5 45. Qe4 Rd5 46. f4 Kf7
47. Rg2 Qh4 48. Qf3 1/2-1/2

[Event "Torneo Distrito Chamartin 2015"]
[Site "Madrid ESP"]
[Date "2015.09.11"]
[Round "8.6"]
[White "Martinez Reyes, Pedro Ramon"]
[Black "Elissalt Cardenas, Hector"]
[Result "1/2-1/2"]
[WhiteElo "2358"]
[BlackElo "2350"]
[PlyCount "65"]
[EventDate "2015.09.06"]
[EventType "swiss"]
[EventRounds "9"]
[EventCountry "ESP"]
[SourceTitle "Ajedrez en Madrid"]
[Source "lmi"]
[SourceDate "2015.09.06"]
[SourceVersion "1"]
[SourceVersionDate "2015.09.17"]
[SourceQuality "1"]

1. e4 e5 2. Nf3 Nc6 3. Bb5 Nge7 4. Nc3 g6 5. h4 h6 6. h5 g5 7. d4 Bg7 8. dxe5
Nxe5 9. Nxe5 Bxe5 10. Qf3 c6 11. Bc4 Rf8 12. Bd2 d6 13. O-O-O f5 14. exf5 Bxf5
15. Qe2 Qc7 16. Be3 O-O-O 17. g4 Bd7 18. Bd4 Bxd4 19. Rxd4 Rde8 20. Re4 Ng8 21.
Rxe8+ Rxe8 22. Qf3 d5 23. Bd3 Qd6 24. Bf5 Rf8 25. Re1 Bxf5 26. gxf5 Ne7 27. Qe3
d4 28. Qxe7 Qxe7 29. Rxe7 dxc3 30. Re6 Rxf5 31. Rxh6 Rxf2 32. bxc3 Rh2 33. Rh7
1/2-1/2

[Event "Torneo Distrito Chamartin 2015"]
[Site "Madrid ESP"]
[Date "2015.09.11"]
[Round "8.7"]
[White "Martin Duque, Jesus"]
[Black "Santos Garay-Cordovil, Salvado"]
[Result "1-0"]
[WhiteElo "2374"]
[BlackElo "1897"]
[PlyCount "91"]
[EventDate "2015.09.06"]
[EventType "swiss"]
[EventRounds "9"]
[EventCountry "ESP"]
[SourceTitle "Ajedrez en Madrid"]
[Source "lmi"]
[SourceDate "2015.09.06"]
[SourceVersion "1"]
[SourceVersionDate "2015.09.17"]
[SourceQuality "1"]

1. e4 c5 2. Nf3 Nc6 3. d4 cxd4 4. Nxd4 Nf6 5. Nc3 e5 6. Ndb5 d6 7. Bg5 a6 8.
Na3 b5 9. Bxf6 gxf6 10. Nd5 f5 11. exf5 Bxf5 12. c3 Bg7 13. Nc2 Ra7 14. Nce3
Bg6 15. h4 h5 16. Bd3 e4 17. Bc2 Ne5 18. Nf4 Qf6 19. Ned5 Qf5 20. Qe2 O-O 21.
Nxg6 fxg6 22. Bxe4 Qe6 23. Ne3 Qf6 24. g3 Nf3+ 25. Bxf3 Qxf3 26. Qxf3 Rxf3 27.
O-O b4 28. cxb4 Bxb2 29. Rad1 Be5 30. Kg2 Raf7 31. Nc4 R7f6 32. a4 Rb3 33. Ne3
Ra3 34. a5 Kf7 35. Nc4 Rb3 36. f4 Bc3 37. Rd3 d5 38. Nd2 Rb2 39. Rxc3 Rxd2+ 40.
Rf2 Rd4 41. Rc7+ Ke6 42. Re2+ Re4 43. Rxe4+ dxe4 44. Rc6+ Kf5 45. Rxf6+ Kxf6
46. b5 1-0

[Event "Torneo Distrito Chamartin 2015"]
[Site "Madrid ESP"]
[Date "2015.09.11"]
[Round "8.8"]
[White "Bento Iglesias, Pablo"]
[Black "Fernandez Lledo, Javier"]
[Result "1-0"]
[WhiteElo "1860"]
[BlackElo "2286"]
[PlyCount "95"]
[EventDate "2015.09.06"]
[EventType "swiss"]
[EventRounds "9"]
[EventCountry "ESP"]
[SourceTitle "Ajedrez en Madrid"]
[Source "lmi"]
[SourceDate "2015.09.06"]
[SourceVersion "1"]
[SourceVersionDate "2015.09.17"]
[SourceQuality "1"]

1. e4 d6 2. d4 g6 3. Nf3 Nf6 4. Nc3 Bg7 5. Be2 O-O 6. O-O c6 7. Bg5 Qc7 8. Qd2
Re8 9. h3 b5 10. a3 a6 11. Rad1 Bb7 12. Nh2 c5 13. dxc5 Qxc5 14. Be3 Qc7 15.
Bf3 Nbd7 16. Bd4 Ne5 17. Bxe5 dxe5 18. Ng4 Nxg4 19. Bxg4 Rad8 20. Qe3 e6 21.
Be2 Rd4 22. Bd3 f5 23. Rde1 Qc6 24. f3 Bf8 25. Qg5 Be7 26. Qg3 f4 27. Qg4 Kg7
28. h4 h5 29. Qh3 Qb6 30. Kh1 Qd8 31. Nxb5 axb5 32. Bxb5 Bxh4 33. Bxe8 Bxe1 34.
Qxe6 Rd6 35. Qxe5+ Kh7 36. Qxf4 Bd2 37. Qf7+ Kh6 38. Qf8+ Kh7 39. Qf7+ Kh6 40.
g3 Bc6 41. e5 Qc8 42. Qf8+ Kg5 43. Kh2 Re6 44. f4+ Kg4 45. Bf7 Re8 46. Bxe8 Qa6
47. Bxc6 Qe2+ 48. Bg2 1-0

[Event "Torneo Distrito Chamartin 2015"]
[Site "Madrid ESP"]
[Date "2015.09.11"]
[Round "8.10"]
[White "Gonzalez Perez, Pedro"]
[Black "Anton Quevedo, Andrea"]
[Result "1-0"]
[WhiteElo "2003"]
[BlackElo "1724"]
[PlyCount "59"]
[EventDate "2015.09.06"]
[EventType "swiss"]
[EventRounds "9"]
[EventCountry "ESP"]
[SourceTitle "Ajedrez en Madrid"]
[Source "lmi"]
[SourceDate "2015.09.06"]
[SourceVersion "1"]
[SourceVersionDate "2015.09.17"]
[SourceQuality "1"]

1. d4 d5 2. c4 e6 3. Nf3 Nf6 4. Nc3 Be7 5. Bg5 O-O 6. e3 Nbd7 7. Bd3 h6 8. Bh4
c5 9. O-O b6 10. cxd5 Nxd5 11. Bg3 Bb7 12. Rc1 N7f6 13. Qe2 a6 14. Rfd1 Qe8 15.
e4 Nb4 16. Bb1 Nh5 17. Be5 Nf6 18. dxc5 Bxc5 19. Bxf6 gxf6 20. a3 Nc6 21. b4
Be7 22. Qe3 Kh7 23. Qxb6 Rb8 24. Qe3 Rg8 25. Nd5 Qf8 26. Nxf6+ Bxf6 27. e5+ Kh8
28. exf6 Nd8 29. g3 e5 30. Nxe5 1-0

[Event "Torneo Distrito Chamartin 2015"]
[Site "Madrid ESP"]
[Date "2015.09.12"]
[Round "9.1"]
[White "Roa Alonso, Santiago"]
[Black "Vazquez Igarza, Renier"]
[Result "0-1"]
[WhiteElo "2383"]
[BlackElo "2560"]
[PlyCount "122"]
[EventDate "2015.09.06"]
[EventType "swiss"]
[EventRounds "9"]
[EventCountry "ESP"]
[SourceTitle "Ajedrez en Madrid"]
[Source "lmi"]
[SourceDate "2015.09.06"]
[SourceVersion "1"]
[SourceVersionDate "2015.09.17"]
[SourceQuality "1"]

1. d4 Nf6 2. c4 e6 3. Nf3 b6 4. g3 Ba6 5. Qa4 Bb7 6. Bg2 Be7 7. O-O O-O 8. Nc3
Ne4 9. Nxe4 Bxe4 10. Be3 d6 11. Rfd1 Bf6 12. Rac1 Qe7 13. Rd2 a6 14. Ne1 Bxg2
15. Nxg2 Qd7 16. Qc2 Nc6 17. d5 Nb4 18. Qb3 a5 19. dxe6 fxe6 20. Nf4 Be5 21. a3
Bxf4 22. Bxf4 Na6 23. Qc2 Qc6 24. b3 Nc5 25. b4 axb4 26. axb4 Ne4 27. Rd4 Nxf2
28. Kxf2 e5 29. Qe4 Qa4 30. Qd5+ Kh8 31. Re4 Qxb4 32. Kg2 exf4 33. Rf1 Qc5 34.
Rfxf4 Qxd5 35. cxd5 Rfe8 36. Rxe8+ Rxe8 37. Rf7 Kg8 38. Rxc7 Rxe2+ 39. Kf3 Rxh2
40. Rc6 Rh6 41. Rxb6 Rf6+ 42. Kg4 Kf7 43. Rb7+ Kg6 44. Rd7 h5+ 45. Kh3 Kh6 46.
g4 g6 47. gxh5 Kxh5 48. Rd8 Kg5 49. Kg3 Kf5 50. Re8 g5 51. Re7 Rh6 52. Re8 g4
53. Rf8+ Ke4 54. Rf4+ Kxd5 55. Kxg4 Re6 56. Kg3 Kc5 57. Ra4 d5 58. Ra1 d4 59.
Kf2 Kb4 60. Rc1 Kb3 61. Ra1 d3 0-1

[Event "Torneo Distrito Chamartin 2015"]
[Site "Madrid ESP"]
[Date "2015.09.12"]
[Round "9.2"]
[White "Suarez Uriel, Adrian"]
[Black "Bolado Saez, Sergio"]
[Result "1-0"]
[WhiteElo "2224"]
[BlackElo "2365"]
[PlyCount "61"]
[EventDate "2015.09.06"]
[EventType "swiss"]
[EventRounds "9"]
[EventCountry "ESP"]
[SourceTitle "Ajedrez en Madrid"]
[Source "lmi"]
[SourceDate "2015.09.06"]
[SourceVersion "1"]
[SourceVersionDate "2015.09.17"]
[SourceQuality "1"]

1. e4 c5 2. Ne2 d6 3. g3 Nf6 4. Bg2 g6 5. c3 Bg7 6. d4 O-O 7. O-O Nc6 8. h3 Rb8
9. Be3 Qa5 10. f4 cxd4 11. cxd4 d5 12. e5 Ne4 13. Nbc3 Nxc3 14. Nxc3 e6 15. Rf2
Bd7 16. a3 b5 17. Bf1 Ne7 18. g4 f6 19. Bd3 fxe5 20. dxe5 Rf7 21. b4 Qc7 22.
Rc1 Qb7 23. Ne2 g5 24. Qc2 h5 25. Bg6 Nxg6 26. Qxg6 hxg4 27. hxg4 Qa6 28. Bc5
Qxa3 29. Rc3 Qa1+ 30. Rf1 Qb2 31. Rh3 1-0

[Event "Torneo Distrito Chamartin 2015"]
[Site "Madrid ESP"]
[Date "2015.09.12"]
[Round "9.3"]
[White "Anton Veiga, Juan Carlos"]
[Black "Martin Duque, Jesus"]
[Result "0-1"]
[WhiteElo "2051"]
[BlackElo "2374"]
[PlyCount "66"]
[EventDate "2015.09.06"]
[EventType "swiss"]
[EventRounds "9"]
[EventCountry "ESP"]
[SourceTitle "Ajedrez en Madrid"]
[Source "lmi"]
[SourceDate "2015.09.06"]
[SourceVersion "1"]
[SourceVersionDate "2015.09.17"]
[SourceQuality "1"]

1. e4 c5 2. Nf3 e6 3. d4 cxd4 4. Nxd4 Nc6 5. Nb5 d6 6. Bf4 e5 7. Be3 Be6 8. c4
Be7 9. N1c3 a6 10. Na3 Bg5 11. Nc2 Bxe3 12. Nxe3 Nf6 13. Be2 O-O 14. O-O Rc8
15. Rc1 Qa5 16. Qd3 Nd4 17. Rfd1 Qb4 18. b3 b5 19. Ncd5 Bxd5 20. exd5 Qa3 21.
Ra1 Nd7 22. Bg4 Nc5 23. Qb1 Rc7 24. Rxd4 exd4 25. Nc2 Qa5 26. b4 Qb6 27. bxc5
Qxc5 28. Nb4 Qxc4 29. Nxa6 Re7 30. h3 Rfe8 31. Bf3 d3 32. Qd1 Qc3 33. Kf1 d2
0-1

[Event "Torneo Distrito Chamartin 2015"]
[Site "Madrid ESP"]
[Date "2015.09.12"]
[Round "9.5"]
[White "Alfaya Marcelo, Roberto"]
[Black "Gonzalez Perez, Pedro"]
[Result "0-1"]
[WhiteElo "2164"]
[BlackElo "2003"]
[PlyCount "64"]
[EventDate "2015.09.06"]
[EventType "swiss"]
[EventRounds "9"]
[EventCountry "ESP"]
[SourceTitle "Ajedrez en Madrid"]
[Source "lmi"]
[SourceDate "2015.09.06"]
[SourceVersion "1"]
[SourceVersionDate "2015.09.17"]
[SourceQuality "1"]

1. d4 f5 2. c4 Nf6 3. Nc3 g6 4. Nf3 Bg7 5. g3 O-O 6. Bg2 d6 7. O-O c6 8. d5 Bd7
9. Qc2 Na6 10. Rd1 c5 11. a3 Nh5 12. e4 f4 13. Re1 e5 14. dxe6 Bxe6 15. Nd5 g5
16. gxf4 Bxd5 17. exd5 Nxf4 18. Bxf4 Rxf4 19. Re2 g4 20. Nd2 Be5 21. Rae1 Qh4
22. Nf1 Raf8 23. Rd1 Nb8 24. Rdd2 Bd4 25. Be4 Nd7 26. Ng3 Ne5 27. Qc1 Rxe4 28.
Rxe4 Nf3+ 29. Kf1 Nxd2+ 30. Qxd2 Rxf2+ 31. Qxf2 Bxf2 32. Kxf2 Qxh2+ 0-1

[Event "Torneo Distrito Chamartin 2015"]
[Site "Madrid ESP"]
[Date "2015.09.12"]
[Round "9.6"]
[White "Quispe Arteaga, Gabriel"]
[Black "Rodriguez Melendez, Juan Humbe"]
[Result "1/2-1/2"]
[WhiteElo "2081"]
[BlackElo "2130"]
[PlyCount "98"]
[EventDate "2015.09.06"]
[EventType "swiss"]
[EventRounds "9"]
[EventCountry "ESP"]
[SourceTitle "Ajedrez en Madrid"]
[Source "lmi"]
[SourceDate "2015.09.06"]
[SourceVersion "1"]
[SourceVersionDate "2015.09.17"]
[SourceQuality "1"]

1. d4 Nf6 2. c4 g6 3. Nc3 Bg7 4. g3 O-O 5. Bg2 d6 6. e3 c5 7. Nge2 Nc6 8. O-O
Bd7 9. b3 Rb8 10. Bb2 Qc8 11. Re1 Bh3 12. Bh1 Bg4 13. Qd2 Rd8 14. f3 Bd7 15.
Nd1 b5 16. cxb5 Rxb5 17. Rc1 cxd4 18. Nxd4 Rc5 19. Nf2 Nxd4 20. Bxd4 Rxc1 21.
Rxc1 Qa6 22. Bg2 e5 23. Bc3 Rc8 24. Bf1 Qc6 25. Be2 Bh6 26. Nd1 Qb6 27. Bb2
Rxc1 28. Bxc1 Be6 29. Qc2 Nd5 30. Kf2 Nb4 31. Qb2 Qc5 32. Bd2 a5 33. a3 Nd5 34.
Bc4 Bg5 35. Bxd5 Bxd5 36. Nc3 Bb7 37. Qc1 Qb6 38. b4 Bd8 39. bxa5 Qxa5 40. Ne4
Qa6 41. Bb4 d5 42. Nc5 Qc6 43. Qb2 d4 44. Nxb7 dxe3+ 45. Kxe3 Bb6+ 46. Kd2 Bd4
47. Bc3 Bxc3+ 48. Qxc3 Qxb7 49. Qxe5 Qxf3 1/2-1/2

[Event "Torneo Distrito Chamartin 2015"]
[Site "Madrid ESP"]
[Date "2015.09.12"]
[Round "9.7"]
[White "Cervino Rossel, Cristobal"]
[Black "Garcia Villalba, Daniel"]
[Result "1/2-1/2"]
[WhiteElo "2090"]
[BlackElo "1605"]
[PlyCount "116"]
[EventDate "2015.09.06"]
[EventType "swiss"]
[EventRounds "9"]
[EventCountry "ESP"]
[SourceTitle "Ajedrez en Madrid"]
[Source "lmi"]
[SourceDate "2015.09.06"]
[SourceVersion "1"]
[SourceVersionDate "2015.09.17"]
[SourceQuality "1"]

1. d4 d5 2. c4 e6 3. Nc3 Nf6 4. cxd5 exd5 5. Bg5 Be7 6. Nf3 O-O 7. Qc2 Nbd7 8.
e3 c6 9. Bd3 Re8 10. O-O Nf8 11. Rab1 Ng6 12. Bxf6 Bxf6 13. h3 Be7 14. Ne5 Nf8
15. b4 Bd6 16. Nf3 a6 17. a4 Re6 18. Bf5 Rf6 19. Bxc8 Rxc8 20. Ne5 Bxe5 21.
dxe5 Re6 22. f4 f6 23. Qb3 Kh8 24. Rbd1 Qb6 25. Rf3 fxe5 26. a5 Qa7 27. f5 Rf6
28. Na4 e4 29. Rf2 Nd7 30. Qc3 Rcf8 31. Rdf1 Qb8 32. Nc5 Nxc5 33. bxc5 Qc7 34.
Rf4 Kg8 35. g3 Rxf5 36. Kh2 Rxf4 37. gxf4 Rf7 38. Rg1 Qe7 39. Rg2 Qf6 40. Qxf6
Rxf6 41. Rb2 d4 42. exd4 Rxf4 43. Rxb7 e3 44. Re7 Rxd4 45. Rxe3 Rc4 46. Re8+
Kf7 47. Ra8 Rxc5 48. Rxa6 Ke6 49. Ra8 Kd6 50. a6 Ra5 51. Rg8 g6 52. Ra8 Kc7 53.
Ra7+ Kb6 54. Rxh7 Kxa6 55. Rg7 g5 56. Kg3 Kb6 57. Kg4 c5 58. Rxg5 Kc6 1/2-1/2